[Event "BL 2016-17"]
[Site "Jenbach"]
[Date "2017.04.22"]
[Round "11"]
[White "Schlosser, Philipp"]
[Black "Kranzl, Peter"]
[Result "1-0"]
[WhiteElo "2517"]
[BlackElo "2168"]
[Annotator "TA"]
[PlyCount "69"]
[EventDate "2017.??.??"]
[EventCountry "AUT"]
[SourceTitle "playchess.com"]
[Source "ChessBase"]
[SourceQuality "1"]
[WhiteTeam "Jenbach"]
[BlackTeam "St. Valentin"]

{[%evp 20,69,67,61,110,95,142,140,121,124,150,155,167,167,200,184,199,137,152,130,137,137,144,154,139,102,121,100,160,96,169,116,216,231,231,214,229,225,242,193,525,452,421,316,318,296,387,334,331,319,29998,29999]} 1. Nf3 Nf6 2. c4 g6 3. Nc3 Bg7 4. e4 d6 5. d4 O-O 6. h3 {[%cal Bh2h3,Bh3h4][%mdl 32]} e5 7. d5 a5 8. Be3 Na6 9. g4 {[%cal Bg2g4,Bg4g5][%mdl 32]} Nc5 10. Nd2 Ne8 11. h4 {LiveBook: 31 Games. E90: King's Indian: Classical: Early deviations and 6 h3} Bf6 (11... f5 12. g5 f4 13. Bxc5 dxc5 14. Bh3 Bxh3 15. Rxh3 Qd7 16. Qf3 a4 17. h5 Nd6 18. h6 Bh8 19. O-O-O Rfb8 {0-1 (44) Rodshtein,M (2652)-Nyzhnyk,I (2585) Plovdiv 2012}) 12. Qf3 $146 (12. g5 Be7 13. Qc2 Ng7 14. Be2 f6 15. Rg1 Kh8 16. O-O-O Nh5 17. Bxh5 gxh5 18. g6 Rg8 19. gxh7 Kxh7 {0-1 (43) Malikov,A (2109)-Grigorian,M (2128) Krasnoyarsk 2010}) 12... Ng7 (12... Bxh4 $2 13. Qh3 $18) 13. O-O-O {White is clearly better.} h5 14. g5 Be7 {next ...Bg4 is good for Black.} 15. Qg3 ({Inferior is} 15. Bxc5 Bg4 16. Qg3 Bxd1 $17) 15... b6 16. Be2 Kh7 17. Rdf1 Nd7 18. f4 (18. a3 $18) 18... exf4 $16 19. Bxf4 f5 20. gxf6 Nxf6 21. Nf3 Ng4 22. Bd3 Bf6 23. Nb5 Qe7 ({Black should try} 23... Ba6) 24. Kb1 (24. Rhg1 $142 $1) 24... Ne8 (24... Ba6 $16) 25. Bg5 (25. e5 $18 dxe5 26. Re1) 25... Ng7 (25... Bd7 $16) 26. Bxf6 $18 Rxf6 {[#]} 27. Ng5+ $1 Kg8 {[#]} 28. Rxf6 $1 Nxf6 29. Rf1 Nge8 $2 (29... Bg4 30. e5 dxe5 31. Bxg6 Rf8) 30. e5 Qxe5 31. Qxe5 dxe5 {[#]} 32. Nxc7 $1 {[%mdl 512]} ({Less strong is} 32. Bxg6 Kg7 $16) 32... Ra7 (32... Nxc7 33. Rxf6) 33. Nxe8 Nxe8 34. Bxg6 Ng7 $2 (34... Nd6 $18 35. b3 (35. Bxh5 Nxc4 36. Rf6 Kg7 37. Rg6+ Kf8 $18) 35... Kg7) 35. Bh7+ 1-0

[Event "BL 2016-17"]
[Site "Germany"]
[Date "2017.04.08"]
[Round "11"]
[White "Stern, Rene"]
[Black "Wojtaszek, Radoslaw"]
[Result "1/2-1/2"]
[WhiteElo "2515"]
[BlackElo "2745"]
[Annotator "TA"]
[PlyCount "89"]
[EventDate "2017.??.??"]
[EventType "team-tourn"]
[EventCountry "GER"]
[SourceTitle "playchess.com"]
[Source "ChessBase"]
[SourceQuality "1"]
[WhiteTeam "König Tegel"]
[BlackTeam "Baden-Baden"]

{[%evp 24,89,25,16,35,36,36,10,11,16,12,8,9,15,10,13,8,0,0,0,0,0,0,-9,0,-17,-18,-14,0,0,0,-6,0,0,0,-8,-4,-7,-2,-14,0,0,0,0,0,0,0,0,0,0,0,0,0,0,0,0,13,-8,-8,-11,0,0,0,0,0,0,0,0]} 1. Nf3 Nf6 2. c4 b6 3. g3 Bb7 4. Bg2 g6 5. b3 Bg7 6. Bb2 O-O 7. O-O c5 8. Nc3 d6 9. d4 cxd4 10. Qxd4 Nbd7 11. Rfd1 Rc8 12. Rac1 a6 13. Qd2 {LiveBook: 11 Games. A30: Symmetrical English: Double Fianchetto and Hedgehog} Rc7 14. Ne1 Qa8 15. Bxb7 $146 {White is slightly better.} (15. Nd5 Nxd5 16. Bxg7 Kxg7 17. cxd5 Rfc8 18. Nc2 b5 19. e4 Nf6 {0-1 (61) Bartholomew,J (2445)-Nakamura,H (2710) ICC INT 2009}) 15... Qxb7 {The position is equal.} 16. Ng2 b5 17. Ne3 {[#] Ncd5 is the strong threat.} Re8 18. Ncd5 Rc5 19. Bd4 Rcc8 20. Bxf6 (20. Nxf6+ $5 {creates asymmetry.} Nxf6 21. Qd3 b4 22. Bxf6 Bxf6 23. Nd5) 20... Nxf6 21. Nxf6+ Bxf6 22. cxb5 axb5 23. Rxc8 Rxc8 24. Rc1 Rxc1+ 25. Qxc1 e6 26. a4 bxa4 27. bxa4 d5 28. Qc2 Qb4 29. Ng2 Bc3 30. Nf4 Qc4 31. Nd3 e5 32. Kf1 Kg7 33. Nb2 Qb4 34. Nd3 Qe4 {[%cal Re4h1]} 35. Kg1 Qc4 36. Nb2 Qb4 37. Nd3 Qa3 38. Kg2 Kf6 39. h4 h6 {[%cal Bh7h6,Bh6h5][%mdl 32]} 40. f3 h5 41. Qc1 Qb3 42. Nc5 Qc4 43. Qg5+ Kg7 {[#]} 44. Ne6+ $1 {[%mdl 512]} fxe6 45. Qe7+ 1/2-1/2

[Event "BL 2016-17"]
[Site "Jenbach"]
[Date "2017.04.22"]
[Round "11"]
[White "Dizdar, Goran"]
[Black "Buhmann, Rainer"]
[Result "1/2-1/2"]
[WhiteElo "2512"]
[BlackElo "2625"]
[Annotator "TA"]
[PlyCount "60"]
[EventDate "2017.??.??"]
[EventCountry "AUT"]
[SourceTitle "playchess.com"]
[Source "ChessBase"]
[SourceQuality "1"]
[WhiteTeam "Absam"]
[BlackTeam "Maria Saal"]

{[%evp 7,60,0,16,6,15,15,19,6,7,7,7,4,8,6,2,7,8,0,0,8,14,-10,-10,-10,-10,-4,-8,-12,0,-22,-22,-23,-10,-28,-28,-27,6,-46,-44,-58,-48,-44,-52,-125,-15,-27,0,-133,0,-27,0,-143,0,-15,0]} 1. c4 e6 2. Nf3 d5 3. d4 Nf6 4. e3 Nbd7 5. b3 {D30: Queen's Gambit Declined: Systems without Nc3} Bb4+ (5... Bd6 6. Bb2 b6 7. Nc3 Bb7 8. Bd3 a6 9. O-O O-O 10. Rc1 Qe7 11. Qe2 dxc4 12. bxc4 e5 13. e4 exd4 14. Nxd4 Qe5 15. Nf3 Qh5 16. Nd5 Rae8 17. Qc2 b5 18. Nxf6+ Nxf6 19. Bxf6 gxf6 20. cxb5 axb5 {½-½ (32) Sargissian,G (2666)-Harika,D (2539) Sharjah 2017}) 6. Nbd2 c5 7. Bd3 cxd4 8. exd4 O-O 9. O-O b6 10. Bb2 Bb7 11. Qe2 Rc8 $146 (11... Nh5 12. Qe3 Qf6 {0-1 (50) Pultorak,J (2310)-Sadzikowski,D (2547) Krakow 2016}) 12. Rfd1 Qc7 13. Rac1 {Threatening cxd5.} Qf4 14. Qe3 Qxe3 15. fxe3 Rfd8 16. a3 Be7 17. b4 dxc4 18. Nxc4 Ne4 19. b5 Bd5 20. Kf1 f6 21. Ke2 g5 22. h3 (22. g4 $11) 22... h5 $15 {[%cal Bh7h5,Bh5g4][%mdl 32]} 23. Rc2 g4 $36 {[%mdl 2048] Black is more active.} 24. hxg4 hxg4 25. Ne1 ({Better is} 25. Nfd2 $15 Nxd2 26. Nxd2) 25... Ng3+ (25... Kg7 $17 26. Nd2 Nxd2 27. Kxd2 f5) 26. Kf2 $11 Ne4+ (26... Nh5 $11) 27. Ke2 $1 $17 Ng3+ ({Black should play} 27... f5 $17 28. Rdc1 Bh4) 28. Kf2 $11 Ne4+ (28... Nh5 $11) 29. Ke2 $1 $17 Ng3+ (29... f5 $17 {With the idea ...Ndf6.} 30. Rdc1 Ng3+ 31. Kf2 Ne4+ 32. Ke2 Bh4) 30. Kf2 $11 Ne4+ 1/2-1/2

[Event "BL 2016-17"]
[Site "Germany"]
[Date "2017.04.08"]
[Round "11"]
[White "Burg, Twan"]
[Black "Smeets, Jan"]
[Result "1/2-1/2"]
[WhiteElo "2511"]
[BlackElo "2603"]
[Annotator "TA"]
[PlyCount "62"]
[EventDate "2017.??.??"]
[EventType "team-tourn"]
[EventCountry "GER"]
[SourceTitle "playchess.com"]
[Source "ChessBase"]
[SourceQuality "1"]
[WhiteTeam "Aufwärts Aachen"]
[BlackTeam "Solingen"]

{[%evp 11,62,53,59,39,39,24,29,25,34,16,43,25,56,33,25,0,0,0,0,0,0,0,0,0,0,0,0,0,0,0,0,-4,0,0,0,0,0,0,0,0,0,0,0,0,0,0,0,0,0,0,0,0,0]} 1. e4 c5 2. Nf3 e6 3. g3 b6 {B40: Sicilian: 2...e6, Unusual lines} (3... Nc6 4. Bg2 d5 5. exd5 exd5 6. O-O Nf6 7. d4 Be7 8. dxc5 O-O 9. Nbd2 Bxc5 10. Nb3 Bb6 11. c3 Ne4 12. Be3 Bxe3 13. fxe3 {½-½ (50) Tomashevsky,E (2716)-Najer,E (2679) Doha 2016}) 4. Bg2 Bb7 5. Qe2 d6 6. d4 Nf6 {LiveBook: 5 Games} 7. e5 Nfd7 8. exd6 {And now Bf4 would win.} Bxd6 9. O-O O-O $146 (9... cxd4 10. Nxd4 Bxg2 11. Kxg2 {1-0 (32) Eremin,N (2132)-Lanz Calavia,J (1818) ICCF email 2013}) 10. Rd1 Qe7 11. Bg5 Nf6 12. Nc3 Nbd7 13. dxc5 Bxc5 {The position is equal.} 14. Ne5 Nxe5 15. Qxe5 Bxg2 16. Kxg2 Qb7+ 17. f3 Be7 18. Ne4 {[%cal Rg5f6]} Nxe4 19. Bxe7 Qxe7 20. Qxe4 Rad8 21. Qe2 g5 22. Rxd8 Rxd8 $11 {[%mdl 4096] Endgame KQR-KQR} 23. Rd1 h6 24. Rd3 Rxd3 25. Qxd3 {KQ-KQ} Qb4 26. b3 Qa3 27. Qd8+ Kg7 28. Qd4+ Kg8 29. Qd8+ Kg7 30. Qd4+ Kg6 31. Qe4+ Kg7 1/2-1/2

[Event "BL 2016-17"]
[Site "Germany"]
[Date "2017.04.08"]
[Round "11"]
[White "Kindermann, Stefan"]
[Black "Krassowizkij, Jaroslaw"]
[Result "1-0"]
[WhiteElo "2505"]
[BlackElo "2453"]
[Annotator "TA"]
[PlyCount "61"]
[EventDate "2017.??.??"]
[EventType "team-tourn"]
[EventCountry "GER"]
[SourceTitle "playchess.com"]
[Source "ChessBase"]
[SourceQuality "1"]
[WhiteTeam "Zugzwang München"]
[BlackTeam "Griesheim"]

{[%evp 12,61,15,20,9,17,28,9,0,-8,-12,-28,13,-35,-25,-29,0,0,8,19,45,52,52,56,56,19,12,-45,243,252,243,252,253,247,250,242,244,240,256,239,247,237,238,214,272,264,774,770,762,758,758,721]} 1. e4 e6 2. d4 d5 3. Nd2 c5 4. exd5 Qxd5 5. dxc5 Bxc5 6. Ngf3 Nf6 7. Bc4 Qc6 {C07: French Tarrasch: 3...c5, 4 Ngf3 and 4 exd5 Qxd5} 8. Qe2 a6 (8... O-O 9. Nb3 Be7 10. Bf4 a6 11. O-O b5 12. Bd3 Qb6 13. a4 Nd5 14. Bg3 b4 15. a5 {1-0 (34) Adams,M (2745)-Gupta,A (2626) Douglas 2016}) 9. O-O {[%cal Bh1f1,Bf1d1,Bd1d4,Bd4g4][%mdl 32]} O-O {The position is equal.} 10. Nb3 Bd6 11. Bg5 Qc7 12. Rfd1 Nbd7 {[%cal Bb8d7,Bd7e5,Be5f3][%mdl 32]} 13. Nbd4 (13. Bxe6 Re8 14. Bxf7+ Kxf7 $17) 13... Ne5 $146 (13... Re8 14. c3 h6 15. Bh4 {0-1 (53) Coimbra,M (2071)-Diaz Camallonga,C (2358) Barbera del Valles 2015}) 14. Bb3 Nxf3+ 15. Nxf3 b6 16. Rd4 Bb7 17. Bxf6 gxf6 18. Qd2 {[#] Rg4+ would kill now.} Bxf3 $1 19. gxf3 ({Better is} 19. Rxd6 $11 Rad8 20. Rxd8 Rxd8 21. Qh6 Rd1+ 22. Rxd1 Bxd1 23. Qxf6) 19... Rfd8 $2 {[%mdl 8192]} ({Don't go for} 19... Bxh2+ $2 20. Kh1 Rfd8 21. Rxd8+ Rxd8 22. Qh6 $18) (19... Be5 $15 {keeps the upper hand.} 20. Rh4 (20. Rg4+ Kh8 21. c3 f5 $17) 20... Kh8) 20. Rg4+ $18 Kf8 21. Qh6+ Ke7 22. Re1 {[#] And now Rxe6+! would win.} ({Stronger than} 22. Qxh7 Rh8 23. Qg7 Bxh2+ 24. Kf1 Be5 $17) 22... Be5 23. f4 Rg8 24. Rg7 Bxf4 25. Rxe6+ $1 ({Weaker is} 25. Qxh7 Rxg7+ 26. Qxg7 Be5 $16) 25... Kd7 26. Qxh7 $40 {[%mdl 128] White has strong attack.} Rxg7+ 27. Qxg7 Rg8 28. Qxg8 {[%csl Ge6][%cal Rg8e8]} Bxh2+ $2 (28... fxe6 29. Qxe6+ Kd8 30. Qxf6+ Kc8 31. Qf8+ Kd7 32. Qf5+ Kd8 33. Qf8+ Kd7 34. Qf5+ Kd8 35. Qf8+ Kd7) 29. Kg2 {[%csl Ge6][%cal Rg8e8] White is clearly winning.} fxe6 30. Qxe6+ Kd8 31. Qg8+ 1-0

[Event "BL 2016-17"]
[Site "Germany"]
[Date "2017.04.08"]
[Round "11"]
[White "Richter, Michael"]
[Black "Bacrot, Etienne"]
[Result "0-1"]
[WhiteElo "2495"]
[BlackElo "2695"]
[Annotator "TA"]
[PlyCount "84"]
[EventDate "2017.??.??"]
[EventType "team-tourn"]
[EventCountry "GER"]
[SourceTitle "playchess.com"]
[Source "ChessBase"]
[SourceQuality "1"]
[WhiteTeam "König Tegel"]
[BlackTeam "Baden-Baden"]

{[%evp 1,1,22]} 1. Nf3 d5 $146 (1... Nf6 2. g3 g6 3. b3 Bg7 4. Bb2 O-O 5. Bg2 a5 6. O-O a4 7. c4 d6 8. d4 Nbd7 9. Nc3 Nb6 10. Qc2 d5 11. c5 a3 12. Bxa3 Rxa3 13. cxb6 cxb6 {0-1 (66) Carlsen,M (2838)-Jobava,B (2701) chess.com INT 2017}) 2. d4 Nf6 3. e3 e6 4. Bd3 b6 5. O-O Bb7 6. b3 Nbd7 7. Bb2 g6 8. a4 Bg7 9. a5 c5 10. dxc5 bxc5 11. c4 O-O 12. Nbd2 Qc7 13. cxd5 exd5 14. Qc2 Rac8 15. Rfc1 Qb8 16. Qb1 Rfe8 17. Bf1 Bh6 18. Re1 Ba8 19. h3 Re6 20. Ra4 Rce8 21. Rh4 Bg7 22. Ra4 h5 23. b4 Bc6 24. Bxf6 Bxf6 25. b5 Ba8 26. e4 dxe4 27. Nxe4 Bd4 28. Neg5 Rxe1 29. Nxe1 Qf4 {[#]} 30. Rxd4 $1 {[%mdl 512]} cxd4 31. Ngf3 Bxf3 32. Nxf3 Ne5 33. Nxe5 Qxe5 34. a6 Qc5 35. h4 Re6 36. g3 Qc3 37. Kg2 Re1 38. Qd3 Qxd3 39. Bxd3 Kf8 40. Kf3 Ke7 41. Be4 f5 42. Bd3 Kd6 0-1

[Event "BL 2016-17"]
[Site "Germany"]
[Date "2017.04.08"]
[Round "11"]
[White "Meskovs, Nikita"]
[Black "Mista, Aleksander"]
[Result "0-1"]
[WhiteElo "2490"]
[BlackElo "2604"]
[Annotator "TA"]
[PlyCount "134"]
[EventDate "2017.??.??"]
[EventType "team-tourn"]
[EventCountry "GER"]
[SourceTitle "playchess.com"]
[Source "ChessBase"]
[SourceQuality "1"]
[WhiteTeam "Speyer-Schwegenheim"]
[BlackTeam "SF Berlin"]

{[%evp 14,134,-3,-8,25,-8,12,-5,-2,-6,-6,-29,-14,-39,-41,-49,-7,-47,-41,-52,-21,-4,-4,-7,-6,-8,-7,-5,-5,-3,-4,-3,-6,-22,-27,-63,-54,-63,-47,-59,-37,-64,-62,-50,-43,-73,-6,-14,0,-10,-10,-12,-4,-16,0,0,0,0,31,27,49,40,33,-8,-14,-14,-17,-19,0,-6,-6,-1,0,0,-2,-32,-34,-106,-4,-26,-24,-19,-11,-10,-14,-151,-89,-96,-97,-130,-137,-184,-198,-154,-210,-211,-210,-129,-54,-345,-355,-352,-343,-501,-489,-873,-868,-795,-685,-1809,-1722,-1513,-1374,-1212,-873,-5085,-5085,-5077,-5077,-29985,-29986,-29986,-29987]} 1. Nf3 Nf6 2. c4 e6 3. d4 d5 4. e3 Be7 5. Nc3 O-O 6. a3 b6 7. cxd5 exd5 8. Bd3 {LiveBook: 5 Games. D37: Queen's Gambit Declined: 5 Bf4} (8. b4 Bb7 9. Be2 Nbd7 10. O-O Re8 11. Rb1 a6 12. a4 Bd6 13. b5 axb5 14. axb5 Ne4 15. Bb2 Ndf6 {½-½ (26) Grachev,B (2705)-Swiercz,D (2565) Plovdiv 2012}) 8... Re8 9. Ne5 Bb7 10. O-O {The position is equal.} c5 $146 (10... Bd6 11. f4 c5 12. Qf3 Nc6 13. Ne2 Rc8 14. Bd2 Ne4 15. Rad1 cxd4 16. exd4 Rc7 {0-1 (34) Somod,P-Palmkoeck,W England 2000}) 11. Bb5 Rf8 $1 12. f4 a6 13. Be2 Nc6 14. Kh1 Qc7 15. Bf3 Rad8 16. Qd3 Nxe5 (16... Na5 $5 {is interesting.} 17. g4 Nb3 18. Rb1 Bd6 19. Qd1 c4) 17. fxe5 Ne4 18. Nxe4 dxe4 19. Bxe4 Bxe4 20. Qxe4 f6 21. exf6 Bxf6 22. Qe6+ Kh8 {With the idea ...Bxd4.} 23. Qc4 (23. Bd2 $5 {with more complications.} cxd4 24. Rac1 Qb8 25. exd4 Bxd4 26. Rxf8+ Rxf8 27. b4) 23... b5 24. Qe2 h6 25. dxc5 Qxc5 26. b4 Qc4 27. Ra2 {[#]} Bb2 $1 {[%mdl 512]} 28. Qxc4 (28. Rxb2 Rxf1+) 28... bxc4 {[%cal Rf8f1]} 29. Re1 $1 Bc3 (29... c3 $1 $17 30. Kg1 (30. Bxb2 $2 Rd2 31. Bxc3 Rxa2 $17) 30... Rd3) 30. Rg1 $11 Be5 31. Rc2 c3 32. g3 Kg8 33. e4 Rd3 34. Kg2 Rc8 35. Rf1 Rc4 36. Rf3 Rd1 37. Bf4 Bd4 38. h4 Rg1+ 39. Kh3 Re1 40. e5 h5 41. Kg2 Rg1+ 42. Kh3 {Threatens to win with Be3.} Rb1 43. e6 Re1 44. Bg5 {Hoping for e7.} Rxe6 45. Rf4 (45. Bc1 $15) 45... Rec6 (45... Re1 $17 46. Kg2 Rb1) 46. Be7 {Bc5! is the strong threat.} Be3 47. Rf5 g6 48. Rf3 Bd4 $36 {[%mdl 2048] Black is more active.} 49. a4 (49. Bg5 $11) 49... Re6 (49... Rc7 $142 50. Bd6 (50. Rf8+ $2 Kg7 51. Re8 Kf7 $19) 50... Rd7) 50. Bc5 $17 {Strongly threatening Rf8+.} Bg7 ({Much worse is} 50... Bxc5 $6 51. bxc5 Rxc5 52. Rcxc3 (52. Rfxc3 Rxc3 53. Rxc3 Kf7 $11) 52... Rxc3 53. Rxc3 $11) 51. a5 Re1 $1 52. Kg2 Rb1 $1 53. Rff2 Rb2 54. Kf3 Be5 55. Ke3 {[#]} Bxg3 ({Black should try} 55... Rg4 $1 $17 56. Rg2 Kf7) 56. Rg2 $2 {[%mdl 8192] [#]} ({Only move:} 56. Rfe2 $1 $15) 56... Be5 $1 $19 ({Less strong is} 56... Bxh4 57. Kd3 Rxc2 58. Rxc2 $17) (56... Rxh4 57. Rxb2 cxb2 58. Rxb2 $15) 57. Kd3 Rxh4 58. Rxg6+ (58. b5 {is a better defense.} Rxb5 59. Rxg6+ Kh7 60. Rc6) 58... Kf7 59. Rxb2 (59. Rgg2 $142 Ke6 60. Rce2) 59... cxb2 {[%mdl 4096] Endgame KRB-KRB} 60. Rg1 Ke6 61. b5 axb5 62. a6 Ra4 63. a7 h4 64. Kc2 h3 65. Re1 h2 66. Bd4 h1=Q 67. Rxh1 Bxd4 0-1

[Event "BL 2016-17"]
[Site "Germany"]
[Date "2017.04.08"]
[Round "11"]
[White "Hertneck, Gerald"]
[Black "Jarmula, Lukasz"]
[Result "1-0"]
[WhiteElo "2487"]
[BlackElo "2484"]
[Annotator "TA"]
[PlyCount "51"]
[EventDate "2017.??.??"]
[EventType "team-tourn"]
[EventCountry "GER"]
[SourceTitle "playchess.com"]
[Source "ChessBase"]
[SourceQuality "1"]
[WhiteTeam "Zugzwang München"]
[BlackTeam "Griesheim"]

{[%evp 13,51,-4,-8,-6,-15,-64,-18,-20,-21,-36,0,-15,39,29,41,16,82,18,58,47,190,203,195,149,363,341,516,490,981,976,1919,1902,1857,1845,1803,1743,1406,843,1104,1072]} 1. Nf3 d5 2. c4 d4 3. b4 f6 4. e3 e5 5. c5 {A09: Réti Opening: 1 Nf3 d5 2 c4} a5 6. Qa4+ Bd7 7. b5 Bxc5 {LiveBook: 15 Games} 8. exd4 (8. Bc4 Ne7 9. exd4 exd4 10. Ba3 Bxa3 11. Nxa3 Bg4 12. Nxd4 Nd7 {½-½ (38) Caruana,F (2823)-Topalov,V (2760) Saint Louis 2016}) 8... exd4 9. Bc4 Qe7+ 10. Kd1 $1 {Hoping for Re1.} Qd6 11. d3 $146 (11. Re1+ Ne7 12. Qc2 Kd8 {0-1 (47) Burnett,A (2234)-Ochsner,B (2405) Reykjavik 2015}) 11... Bf5 12. Nh4 $1 {[%cal Rh4f5]} Bg4+ (12... Bg6 $11) 13. f3 $14 Bd7 {Strongly threatening ...g5.} (13... Be6 $2 14. Bxe6 Ne7 15. Nf5 Nxf5 16. Bxf5 $18) 14. Nd2 $1 $36 {[%cal Bb1d2,Bd2e4,Be4c5,Bc5e4][%mdl 2080] aiming for Ne4. White is more active.} f5 {[#]} (14... Bb4 $11 {remains equal.}) 15. g4 ({White should play} 15. Bxg8 $1 $16 Rxg8 16. Re1+ Kd8 17. Qc4) 15... Ne7 16. gxf5 $1 Qf4 ({Better is} 16... Bxf5 $14 17. Nxf5 Nxf5) 17. Ne4 Qxh4 18. Nxc5 Qh5 $2 {[#]} (18... Qf2 19. Re1 Qxf3+ 20. Kc2 $16) (18... Rf8 $16 {is a better defense.}) 19. Re1 $1 $18 Qxf3+ (19... b6 $142) 20. Kc2 {White is clearly winning.} b6 {[#]} (20... Bxf5 21. Qa3 Nd7 22. Nxb7 Qf2+ 23. Bd2) (20... Na6 $142) 21. Rxe7+ $1 {[%mdl 512]} ({Stronger than} 21. Nxd7 Qf2+ 22. Bd2 Nxd7 $11) 21... Kxe7 22. Bg5+ Kd6 23. Ne4+ Ke5 24. Re1 {Ng3+ would kill now.} Kxf5 25. Bd5 $1 {[%csl LRa8,LRd4]} Kg6 26. Bd2 1-0

[Event "BL 2016-17"]
[Site "Germany"]
[Date "2017.04.08"]
[Round "11"]
[White "Wirig, Anthony"]
[Black "Ernst, Sipke"]
[Result "1-0"]
[WhiteElo "2483"]
[BlackElo "2541"]
[Annotator "TA"]
[PlyCount "81"]
[EventDate "2017.??.??"]
[EventType "team-tourn"]
[EventCountry "GER"]
[SourceTitle "playchess.com"]
[Source "ChessBase"]
[SourceQuality "1"]
[WhiteTeam "Schwäbisch Hall"]
[BlackTeam "Hamburger SK"]

1. Nf3 d5 $146 (1... Nf6 2. c4 e6 3. g3 b6 4. Bg2 Bb7 5. O-O c5 6. Nc3 d6 7. d4 cxd4 8. Qxd4 a6 9. Bg5 Be7 10. Bxf6 Bxf6 11. Qf4 O-O 12. Rfd1 Be7 13. Ne4 Bxe4 14. Qxe4 Ra7 15. Nd4 Rc7 16. b3 Qc8 17. e3 Rc5 18. a4 d5 19. cxd5 Rxd5 20. Qg4 Rg5 21. Qe2 Rd8 22. h4 Rc5 {½-½ (32) Blomqvist,E (2567)-Istratescu,A (2596) London 2016}) 2. d4 Nf6 3. c4 c6 4. e3 g6 5. Nc3 Bg7 6. Be2 O-O 7. O-O e6 8. Qc2 Nbd7 9. b3 b6 10. Ba3 Re8 11. Bd6 Bb7 12. c5 e5 13. dxe5 Ng4 14. Nxd5 cxd5 15. c6 Bxc6 16. Qxc6 Ndxe5 17. Qxd5 Nf6 18. Qd1 Neg4 19. Rc1 Ne4 20. Bb4 Qf6 21. Bb5 Rad8 22. Qc2 Re6 23. Rcd1 Nexf2 24. Rxd8+ Qxd8 25. Rxf2 Nxf2 26. Kxf2 Bh6 27. e4 Qa8 28. e5 Bf8 29. Bxf8 Qxf8 30. a4 Qd8 31. Qe4 Qc7 32. h4 Kg7 33. Kg1 Qc5+ 34. Kh2 Re7 35. Qf4 Rc7 36. h5 gxh5 37. Qf6+ Kg8 38. Qg5+ Kh8 39. Qh6 Kg8 40. Bd3 Qc6 41. Qxh7+ $2 {[%mdl 8192]} (41. Bxh7+ Kh8 42. Qxh5 Qe8 43. Bd3+ Kg8 44. Qh7+ Kf8 45. Qh6+ Kg8 46. Qh7+ Kf8 47. Qh6+ Kg8 48. Qh7+ $18) 1-0

[Event "BL 2016-17"]
[Site "Germany"]
[Date "2017.04.08"]
[Round "11"]
[White "Georgiadis, Nico"]
[Black "Bromberger, Stefan"]
[Result "1-0"]
[WhiteElo "2478"]
[BlackElo "2512"]
[Annotator "TA"]
[PlyCount "87"]
[EventDate "2017.??.??"]
[EventType "team-tourn"]
[EventCountry "GER"]
[SourceTitle "playchess.com"]
[Source "ChessBase"]
[SourceQuality "1"]
[WhiteTeam "Griesheim"]
[BlackTeam "Zugzwang München"]

{[%evp 26,87,45,28,43,38,27,35,26,0,0,0,77,83,72,77,77,0,0,0,0,-9,-8,-4,0,0,0,0,78,64,89,92,86,0,13,0,79,8,7,18,96,86,95,72,291,292,292,292,272,221,222,221,221,213,212,205,4133,2114,5716,4627,5895,5764,5695,5591]} 1. d4 Nf6 2. c4 e6 3. g3 c5 4. d5 exd5 5. cxd5 d6 6. Nc3 g6 7. Bg2 Bg7 8. Nf3 {[%cal Bg1f3,Bf3d2,Bd2c4][%mdl 32]} O-O 9. O-O Re8 10. Bf4 Na6 11. Re1 {A62: Modern Benoni: Fianchetto Variation without early ...Nbd7} Bf5 (11... Bg4 12. Ng5 h6 13. Nge4 Nxe4 14. Nxe4 g5 15. Bd2 b5 16. Bc3 Bf5 17. Nd2 Bxc3 18. bxc3 Qf6 {1-0 (41) Jumabayev,R (2613)-Sethuraman,S (2656) Biel 2016}) 12. Nd2 Nh5 13. e4 Nxf4 14. gxf4 {LiveBook: 8 Games} Bc8 15. Nc4 Bxc3 16. bxc3 b5 17. Ne3 $146 (17. Na3 Rb8 18. c4 Nc7 {½-½ (50) Lkhamsuren,U (2106)-Korchmar,V (2405) Moscow 2015}) 17... Qf6 18. c4 Qxf4 (18... Rb8 $11 {keeps the balance.}) 19. cxb5 $16 Nc7 20. a4 f5 21. exf5 ({Better is} 21. f3 $16) 21... Bxf5 $11 22. Nxf5 Qxf5 23. Qf3 (23. Qb3 $5 {is interesting.} Qf6 24. Qg3 Re2 25. Rxe2 Qxa1+ 26. Bf1) 23... Qxf3 24. Bxf3 Rxe1+ 25. Rxe1 {[%mdl 4096] Endgame Black should prevent Re7. KRB-KRN} Rf8 26. Kg2 Rf5 (26... Kf7 $11) 27. Rb1 $1 $16 (27. Re7 Rf7 28. Rxf7 Kxf7 $11) 27... Rg5+ 28. Kf1 $1 Rf5 29. Kg2 ({White should try} 29. Bg4 $1 $16 {[%cal Rg4f5]} Rf4 30. Bd7) 29... Rg5+ $1 $11 (29... Nxd5 30. a5 Nf4+ 31. Kg3 Nh5+ 32. Bxh5 gxh5 33. b6 axb6 34. a6 $14 (34. Rxb6 Rd5 $11) (34. axb6 Rf8 $14)) 30. Kf1 (30. Kh3 $11) 30... Rf5 $16 (30... Nxd5 $2 31. a5 (31. Rd1 Nc3 32. Rxd6 Rf5 $16) 31... Nb4 32. b6 axb6 33. axb6 $18) 31. Be4 (31. Bg4 $1 $16 {[%cal Rg4f5]} Rf4 32. Bd7) 31... Re5 $11 32. Bg2 Nxd5 (32... Kf7 $11) 33. a5 $1 $16 {[%cal Ba4a5,Ba5b6,Bb6b7][%mdl 32]} Nc3 34. Rb2 {And now b6 would win.} c4 $2 (34... Na4 $16 {was called for.} 35. Rb1 Nc3) 35. b6 $1 $18 {[%cal Rb6b7]} axb6 ({Don't take} 35... Rxa5 $2 36. Bd5+ $1 {[%mdl 512]} Nxd5 37. b7 $18) 36. axb6 Re8 ({But not} 36... Ra5 $2 37. Bd5+ $1 {[%mdl 512]} Rxd5 38. b7 $18) 37. b7 Rb8 38. Rb6 d5 39. Ke1 Kf7 40. Kd2 Ne4+ $2 (40... Na4 41. Bxd5+ Ke7) 41. Bxe4 $1 {White is clearly winning.} dxe4 42. Kc3 Ke7 43. Kxc4 Kd7 {[#]} 44. Kb5 $1 1-0